Age Management as Contemporary Challenge to Human Resources Management in Slovak Companies
Identifikácia činností v manažmente ľudských zdrojov v rôznych etapách života a analýza pripravenosti slovenských podnikov na túto výzvu.
Salvato in:
| Autore principale: | |
|---|---|
| Altri autori: | |
| Natura: | Capitolo di libro |
| Lingua: | inglese |
| Soggetti: | |
| Tags: |
Nessun Tag, puoi essere il primo ad aggiungerne!!
|
MARC
| LEADER | 00000nla a2200000 4500 | ||
|---|---|---|---|
| 001 | 0222394 | ||
| 005 | 20240502083551.9 | ||
| 041 | 0 | |a eng | |
| 044 | |a NL | ||
| 245 | 1 | 0 | |a Age Management as Contemporary Challenge to Human Resources Management in Slovak Companies |c Jana Blštáková, Zuzana Joniaková |
| 520 | |a Identifikácia činností v manažmente ľudských zdrojov v rôznych etapách života a analýza pripravenosti slovenských podnikov na túto výzvu. | ||
| 610 | 2 | 0 | |a manažment |
| 610 | 2 | 0 | |a manažment vekový |
| 610 | 2 | 0 | |a vek |
| 610 | 2 | 0 | |a zamestnanci |
| 610 | 2 | 0 | |a kariéra |
| 610 | 2 | 0 | |a diverzita |
| 100 | 1 | |a Blštáková, Jana, 1980- | |
| 700 | 1 | |a Joniaková, Zuzana, 1970- | |